000 00276nam a2200109Ia 4500
008 201224s9999 xx 000 0 und d
100 _aHale, John
245 0 _a(The) Civilization of Euirope in the renaissance
260 _aLondon
_bHarper Collins
300 _a648
942 _cBK
999 _c9048
_d9048